<?xml version="1.0" encoding="UTF-8"?>
<record
    xmlns:xsi="http://www.w3.org/2001/XMLSchema-instance"
    xsi:schemaLocation="http://www.loc.gov/MARC21/slim http://www.loc.gov/standards/marcxml/schema/MARC21slim.xsd"
    xmlns="http://www.loc.gov/MARC21/slim">

  <leader>01041nam a2200301 a 4500</leader>
  <controlfield tag="005">20240506104427.0</controlfield>
  <controlfield tag="008">101001t2012||||mx a   |||||||||||||spa d</controlfield>
  <datafield tag="020" ind1=" " ind2=" ">
    <subfield code="a">9786077743736</subfield>
  </datafield>
  <datafield tag="041" ind1=" " ind2=" ">
    <subfield code="a">spa</subfield>
  </datafield>
  <datafield tag="092" ind1=" " ind2=" ">
    <subfield code="c">611</subfield>
    <subfield code="l">31</subfield>
    <subfield code="s">GUZ</subfield>
  </datafield>
  <datafield tag="100" ind1="1" ind2=" ">
    <subfield code="a">Guzm&#xE1;n L&#xF3;pez, Santos</subfield>
    <subfield code="9">3748</subfield>
  </datafield>
  <datafield tag="245" ind1=" " ind2=" ">
    <subfield code="a">Anatom&#xED;a humana en casos cl&#xED;nicos.</subfield>
    <subfield code="b">Aprendizaje basado en el razonamiento cl&#xED;nico /</subfield>
    <subfield code="c">Santos Guzm&#xE1;n L&#xF3;pez</subfield>
  </datafield>
  <datafield tag="250" ind1=" " ind2=" ">
    <subfield code="a">2a ed.</subfield>
  </datafield>
  <datafield tag="260" ind1=" " ind2=" ">
    <subfield code="a">M&#xE9;xico: </subfield>
    <subfield code="b">Editorial Medica Panamericana;</subfield>
    <subfield code="c">2012.</subfield>
  </datafield>
  <datafield tag="300" ind1=" " ind2=" ">
    <subfield code="a">228 p.</subfield>
    <subfield code="b">il.</subfield>
    <subfield code="c">28 cm.</subfield>
  </datafield>
  <datafield tag="500" ind1=" " ind2=" ">
    <subfield code="a">Guzm&#xE1;n L&#xF3;pez, S. y Elizondo-Oma&#xF1;an, R. E. (2012). Anatom&#xED;a humana en casos cl&#xED;nicos. Aprendizaje basado en el razonamiento cl&#xED;nico. (2a ed.). M&#xE9;xico : Editorial M&#xE9;dica Panamericana.</subfield>
  </datafield>
  <datafield tag="653" ind1=" " ind2=" ">
    <subfield code="a">Dorso</subfield>
  </datafield>
  <datafield tag="653" ind1=" " ind2=" ">
    <subfield code="a">Extremidad superior</subfield>
  </datafield>
  <datafield tag="653" ind1=" " ind2=" ">
    <subfield code="a">Extremidad inferior</subfield>
  </datafield>
  <datafield tag="653" ind1=" " ind2=" ">
    <subfield code="a">T&#xF3;rax</subfield>
  </datafield>
  <datafield tag="653" ind1=" " ind2=" ">
    <subfield code="a">Abdomen</subfield>
  </datafield>
  <datafield tag="653" ind1=" " ind2=" ">
    <subfield code="a">Pelvis</subfield>
  </datafield>
  <datafield tag="653" ind1=" " ind2=" ">
    <subfield code="a">Cuello</subfield>
  </datafield>
  <datafield tag="653" ind1=" " ind2=" ">
    <subfield code="a">Cabeza</subfield>
  </datafield>
  <datafield tag="653" ind1=" " ind2=" ">
    <subfield code="a">Sistema nervioso central</subfield>
  </datafield>
  <datafield tag="700" ind1="1" ind2=" ">
    <subfield code="a">Elizondo-Oma&#xF1;an, Rodrigo E.</subfield>
    <subfield code="9">3749</subfield>
  </datafield>
  <datafield tag="942" ind1=" " ind2=" ">
    <subfield code="2">ddc</subfield>
    <subfield code="c">BK</subfield>
  </datafield>
  <datafield tag="999" ind1=" " ind2=" ">
    <subfield code="c">2159</subfield>
    <subfield code="d">2159</subfield>
  </datafield>
  <datafield tag="952" ind1=" " ind2=" ">
    <subfield code="0">0</subfield>
    <subfield code="1">0</subfield>
    <subfield code="2">ddc</subfield>
    <subfield code="4">0</subfield>
    <subfield code="7">0</subfield>
    <subfield code="a">BFM</subfield>
    <subfield code="b">BFM</subfield>
    <subfield code="c">REF</subfield>
    <subfield code="d">2015-04-30</subfield>
    <subfield code="e">Compra PROMED 3er A&#xD1;O, Abril 2015</subfield>
    <subfield code="g">268.00</subfield>
    <subfield code="l">1</subfield>
    <subfield code="o">611 31 GUZ</subfield>
    <subfield code="p">3482</subfield>
    <subfield code="r">2015-11-18</subfield>
    <subfield code="s">2015-11-18</subfield>
    <subfield code="t">Ej.1</subfield>
    <subfield code="w">2015-04-30</subfield>
    <subfield code="y">REF</subfield>
    <subfield code="z">Compra PROMED 3er A&#xD1;O, Abril 2015</subfield>
  </datafield>
  <datafield tag="952" ind1=" " ind2=" ">
    <subfield code="0">0</subfield>
    <subfield code="1">0</subfield>
    <subfield code="2">ddc</subfield>
    <subfield code="4">0</subfield>
    <subfield code="7">0</subfield>
    <subfield code="a">BFM</subfield>
    <subfield code="b">BFM</subfield>
    <subfield code="c">CR</subfield>
    <subfield code="d">2015-04-30</subfield>
    <subfield code="e">Compra PROMED 3er A&#xD1;O, Abril 2015</subfield>
    <subfield code="g">268.00</subfield>
    <subfield code="l">11</subfield>
    <subfield code="o">611 31 GUZ</subfield>
    <subfield code="p">3483</subfield>
    <subfield code="r">2025-09-23</subfield>
    <subfield code="s">2025-09-16</subfield>
    <subfield code="t">Ej.2</subfield>
    <subfield code="w">2015-04-30</subfield>
    <subfield code="y">BK</subfield>
    <subfield code="z">Compra PROMED 3er A&#xD1;O, Abril 2015</subfield>
  </datafield>
</record>
